| 000 | 01798nam a2200385 a 4500 | ||
|---|---|---|---|
| 003 | CHAP | ||
| 005 | 20230605182246.0 | ||
| 007 | ta | ||
| 008 | 220117s1996 mx ad fr 001 0 spa d | ||
| 020 | _a970-10-1017-5 | ||
| 040 |
_cCHAP _amxchpua |
||
| 050 | 1 | 0 |
_aQA276.12 _b.M66 1996 |
| 082 | 0 | 0 |
_a519.5 _bM66 1996 _220 |
| 100 | 1 |
_aMontgomery, Douglas C. _977928 _eautor |
|
| 240 | 1 | 0 |
_aApplied statistics and probability for engineers. _hEspañol |
| 245 | 1 | 0 |
_aProbabilidad y estadística aplicadas a la ingeniería / _cDouglas C. Montgomery y George C. Runger ; traductor Edmundo G. Medal |
| 250 | _a2a edición | ||
| 264 |
_aMéxico : _bMcGraw-Hill, _c1996 |
||
| 300 |
_a1 v. (en varias paginaciones) : _bilustraciones, tablas, gráficas |
||
| 336 |
_atexto _btxt _2rdacontent |
||
| 337 |
_asin medio _bn _2rdamedia |
||
| 338 |
_avolumen _bnc _2rdacarrier |
||
| 504 | _aBibliografía: página C.1-4 | ||
| 520 | 2 | _aLibro de texto para un primer curso de probabilidad y estadística aplicadas para estudiantes de las carreras de ingeniería, física y química. Todos los ejemplos y ejercicios son propios de la ingeniería y son óptimos para comprender la metodología y cómo aplicarla. Propone el uso de la computadora en el salón de clases para conseguir mejoras sensibles para el avance del curso y ofrece un sitio en Internet con recursos adicionales para estudiantes y profesores. | |
| 650 | 1 | 3 |
_aEstadística _938241 |
| 650 | 1 | 3 |
_aProbabilidades _991687 |
| 650 | 1 | 3 |
_aProbability _9158041 |
| 650 | 1 | 3 |
_aStatistics _9144311 |
| 700 | 1 |
_aRunger, George C. _9158042 _eautor |
|
| 700 | 1 |
_aUrbina Medal, Edmundo G. _9187335 _etraductor |
|
| 901 | _a519.5 M66 1996 | ||
| 902 | _aM | ||
| 905 | _a5232272012 mx aimn8222223322spa16 | ||
| 942 |
_cLIBRO _2ddc |
||
| 999 |
_c218891 _d218891 |
||